Managerial accounting for managers / (Record no. 18327)

MARC details
000 -LEADER
fixed length control field 01290cam a2200337 i 4500
005 - DATE AND TIME OF LATEST TRANSACTION
control field 20230509102128.0
008 - FIXED-LENGTH DATA ELEMENTS--GENERAL INFORMATION
fixed length control field 150814s2017 nyu 000 0 eng
010 ## - LIBRARY OF CONGRESS CONTROL NUMBER
LC control number 2015030580
020 ## - INTERNATIONAL STANDARD BOOK NUMBER
ISBN 9781259578540 (alk. paper)
020 ## - INTERNATIONAL STANDARD BOOK NUMBER
Canceled/invalid ISBN 1259578542 (MHID)
040 ## - CATALOGING SOURCE
Original cataloging agency DLC
Language of cataloging eng
Transcribing agency DLC
Description conventions rda
Modifying agency DLC
042 ## - AUTHENTICATION CODE
Authentication code pcc
050 00 - LIBRARY OF CONGRESS CALL NUMBER
Classification number HF5657.4
Item number .N668 2017
082 00 - DEWEY DECIMAL CLASSIFICATION NUMBER
Classification number 658.15/11
Edition number 23
Item number NOR-M
100 1# - MAIN ENTRY--AUTHOR
Author Name Noreen, Eric W.,
245 10 - TITLE STATEMENT
Title Managerial accounting for managers /
Statement of responsibility, etc. Eric W. Noreen, Ph.D., CMA, Professor Emeritus, University of Washington, Peter C. Brewer, Wake Forest University, Ray H. Garrison, D.B.A., CPA, Professor Emeritus, Brigham Young University.
250 ## - EDITION STATEMENT
Edition statement Fourth Edition.
260 ## - PUBLICATION, DISTRIBUTION, ETC.
Place of Publication New York
Name of publisher, distributor, etc. McGraw-Hill
Date of publication, distribution, etc. 2017
300 ## - PHYSICAL DESCRIPTION
Pages xxvi, 613 pages ;
336 ## - CONTENT TYPE
Content type term text
Source rdacontent
337 ## - MEDIA TYPE
Media type term unmediated
Source rdamedia
338 ## - CARRIER TYPE
Carrier type term volume
Source rdacarrier
500 ## - GENERAL NOTE
General note Book in Hard Binding
650 #0 - SUBJECT ADDED ENTRY--TOPICAL TERM
Subject / Department Managerial accounting.
700 1# - ADDED ENTRY--PERSONAL NAME
Personal name Brewer, Peter C.,
700 1# - ADDED ENTRY--PERSONAL NAME
Personal name Garrison, Ray H.,
264 #1 - PRODUCTION, PUBLICATION, DISTRIBUTION, MANUFACTURE, AND COPYRIGHT NOTICE
Place of production, publication, distribution, manufacture New York, NY :
Name of producer, publisher, distributor, manufacturer McGraw-Hill Education,
Date of production, publication, distribution, manufacture, or copyright notice [2017]
300 ## - PHYSICAL DESCRIPTION
-- 29 cm
906 ## - LOCAL DATA ELEMENT F, LDF (RLIN)
a 7
b cbc
c orignew
d 1
e ecip
f 20
g y-gencatlg
952 ## - LOCATION AND ITEM INFORMATION (KOHA)
-- 0
-- 0
Holdings
Lost status Damaged status Permanent Location Current Location Shelving Location Date acquired Source of acquisition Full Call Number Accession No./Barcode Date last seen item type
    Superior Information Resource Center (SIRC) Superior University- Main Campus Superior Information Resource Center (SIRC) Superior University- Main Campus Accounting 05/09/2023 Imperial Books Company 658.151 NOR 2014 15935 05/09/2023 BOOK

Powered by Koha